Grand Prix de FORMULA 1 em 2023 - Statistics

Estatísticas Gerais
  • Esse quiz foi jogado 308 vezes
    264 desde o último reset
  • A pontuação média é 17 de 23
Estatísticas das Respostas
Hint Resposta % Correto
05/11 Brasil
94%
07/05 Estados Unidos
91%
22/10 Estados Unidos
91%
18/11 Estados Unidos
91%
02/04 Austrália
87%
21/05 Itália
87%
03/09 Itália
87%
05/03 Bahrein
83%
04/06 Espanha
81%
28/05 Mônaco
80%
24/09 Japão
78%
27/08 Países Baixos
75%
29/10 México
74%
19/03 Arábia Saudita
73%
30/07 Bélgica
68%
26/11 Emirados Árabes Unidos
68%
18/06 Canadá
65%
02/07 Áustria
63%
08/10 Catar
63%
17/09 Singapura
60%
30/04 Azerbaijão
57%
23/07 Hungria
51%
09/07 Grã Bretanha
25%
Nenhum quiz correspondente encontrado
Distribuição das Pontuações
Porcentagem de Pessoas com Cada Pontuação
Percentil de Números Respondidos
Sua Pontuação Histórica
Você não jogou esse quiz desde o último reset